000 00491nam a2200205#a 4500
001 01693
003 HDC
007 ta
008 230623s2023 xx 000 0 eng d
020 _a16752465 (pbk.)
040 _aHDC
050 _atm BP 184.9
_b .H35 2011
245 0 _aHalal pages 2010/2011
264 _aKuala Lumpur :
_bTelekom Publications,
_c20012
300 _a192p. :
_b col. ill. ;
_c 28 cm.
942 _2lcc
942 _cBK
942 _ktm BP 184.9
942 _m .H35 2011
999 _c23259
_d23259